Σημαίες Χωρών στο Παγκόσμιο Κύπελλο 2018 - Statistics

General Stats
  • This quiz has been taken 7 times
  • The average score is 30 of 32
Answer Stats
Picture Answer % Correct
Βραζιλία
100%
Αυστραλία
100%
Γερμανία
100%
Βέλγιο
100%
Νότια Κορέα
100%
Δανία
100%
Σουηδία
100%
Αγγλία
100%
Σαουδική Αραβία
100%
Αίγυπτος
100%
Μαρόκο
100%
Νιγηρία
100%
Τυνησία
100%
Μεξικό
100%
Ουρουγουάη
100%
Αργεντινή
100%
Πολωνία
100%
Κροατία
100%
Πορτογαλία
100%
Σερβία
100%
Ισπανία
100%
Ελβετία
100%
Ρωσία
86%
Γαλλία
86%
Ιαπωνία
86%
Ισλανδία
86%
Σενεγάλη
86%
Κόστα Ρίκα
86%
Παναμάς
86%
Ιράν
86%
Κολομβία
86%
Περού
71%
No matching quizzes found
Score Distribution
Percent of People with Each Score
Percentile by Number Answered
Your Score History
You have not taken this quiz